Online Public Access Catalogue

Harper's Biochemistry (Record no. 4940)

MARC details
000 -LEADER
fixed length control field 00355nam a2200145Ia 4500
082 ## - DEWEY DECIMAL CLASSIFICATION NUMBER
Classification number QU 34
Author Mark MUR
100 ## - MAIN ENTRY--PERSONAL NAME
Author Name Murray, Robert K.
245 #0 - TITLE STATEMENT
Title Harper's Biochemistry
Statement of responsibility, etc. Murray, Robert K.
250 ## - EDITION STATEMENT
Edition statement 22nd
260 ## - PUBLICATION, DISTRIBUTION, ETC.
Place of publication, distribution, etc. USA
Name of publisher, distributor, etc. Prentice_Hall
Date of publication, distribution, etc. 1990
300 ## - PHYSICAL DESCRIPTION
No of Pages 720
650 ## - SUBJECT ADDED ENTRY--TOPICAL TERM
Subject Biochemistry.
942 ## - ADDED ENTRY ELEMENTS (KOHA)
Koha item type Books
952 ## - LOCATION AND ITEM INFORMATION (KOHA)
-- 2018-03-16
Holdings
Withdrawn status Lost status Damaged status Not for loan Home library Current library Shelving location Date acquired Total Checkouts Full call number Barcode Date last seen Koha item type
        Islamabad Medical and Dental College Islamabad Medical and Dental College Islamabad Medical and Dental College 16/03/2018   QU 34 6677 16/03/2018 Books

Copyright @ IMDC Library
Islamabad Medical and Dental College
Bhara Kahu, Islamabad

  Contact the Librarian, IMDC
  Email:: library@imdcollege.edu.pk

  OPAC Customized by
  Mazhar Hussain,
  Librarian:
  Islamabad Medical and Dental College
  Email:: library@imdcollege.edu.pk